Statistics for U.S. States with the Lowest Voter Turnout

Click here to take the quiz!

General Stats

  • This quiz has been taken 220 times
  • The average score is 7 of 10

Answer Stats

TurnoutState% Correct
53.07%Texas
87%
56.75%Mississippi
86%
53.50%Oklahoma
73%
56.45%South Carolina
72%
52.60%Arkansas
70%
54.77%Tennessee
70%
47.88%Hawaii
69%
55.60%Arizona
64%
51.17%West Virginia
64%
56.25%Nevada
58%

Score Distribution

Percentile by Number Answered

Percent of People with Each Score

Your Score History

You have not taken this quiz